AIDS and sex education in schools / (Record no. 17069)

MARC details
000 -LEADER
fixed length control field 00746 aa a2200217 4500
008 - FIXED-LENGTH DATA ELEMENTS--GENERAL INFORMATION
fixed length control field 081020t xxu||||| |||| 00| 0 eng d
010 ## - LIBRARY OF CONGRESS CONTROL NUMBER
LC control number ENG-84102
020 ## - INTERNATIONAL STANDARD BOOK NUMBER
International Standard Book Number 8176298913
020 ## - INTERNATIONAL STANDARD BOOK NUMBER
Terms of availability 320.00 (hb)
035 ## - SYSTEM CONTROL NUMBER
System control number EN-67635
082 ## - DEWEY DECIMAL CLASSIFICATION NUMBER
Classification number 614.5993
100 ## - MAIN ENTRY--PERSONAL NAME
Personal name Kumar, R
245 ## - TITLE STATEMENT
Title AIDS and sex education in schools /
Statement of responsibility, etc by R Kumar and Meenal Kumar
260 ## - PUBLICATION, DISTRIBUTION, ETC. (IMPRINT)
Place of publication, distribution, etc New Delhi
Name of publisher, distributor, etc Deep and Deep Publications
260 ## - PUBLICATION, DISTRIBUTION, ETC. (IMPRINT)
Date of publication, distribution, etc 2006
300 ## - PHYSICAL DESCRIPTION
Extent xiv,154p
Dimensions 22cm
500 ## - GENERAL NOTE
General note Includes index
700 ## - ADDED ENTRY--PERSONAL NAME
Personal name Kumar, Meenal
Titles and other words associated with a name jt auth
942 ## - ADDED ENTRY ELEMENTS (KOHA)
Source of classification or shelving scheme Dewey Decimal Classification
Koha item type English Books
Classification part 614.5993
Call number suffix KUM
Holdings
Withdrawn status Lost status Source of classification or shelving scheme Damaged status Not for loan Home library Current library Date acquired Cost, normal purchase price Total Checkouts Full call number Barcode Date last seen Copy number Cost, replacement price Price effective from Koha item type
    Dewey Decimal Classification   Not For Loan D.B.Act.Division D.B.Act.Division 26/02/2007 320.00   614.5993 KUM EN-67635 21/10/2008 1 320.00 21/10/2008 English Books

© Delhi Public Library
Hit Counter
free hit counter